000 00829cam a2200253 a 4500
999 _c2459
_d2459
001 (Sirsi) a786528
003 OSt
005 20230602095922.0
008 130627r20102001enka b 000 1 eng d
020 _a9781846168840 (pbk.) :
040 _aTT
_beng
_cTAE
_dKH8
042 _anbic
082 0 _a823.914 CHI
100 1 _aChild, Lauren.
_eauthor
245 1 0 _aI am not sleepy and I will not go to bed :
_bfeaturing Charlie and Lola /
_cLauren Child.
260 _aLondon :
_bOrchard,,
_c2010.
300 _a[32] p. :
_bcol. ill. ;
_c28 cm.
500 _aFirst published 2001.
520 _aCharlie helps Lola get ready for bed, despite the tigers, whales, and other animals that serve as obstacles.
521 1 _a4-8.
650 0 _aBedtime
_vJuvenile fiction.
650 0 _aAnimals
_vJuvenile fiction.
942 _2ddc
_cFIC